[Event "HUN-chT4 1718"]
[Site "Hungary"]
[Date "2018.02.17"]
[Round "5.22"]
[White "Csidey, Csongor"]
[Black "Paluska, Karol"]
[Result "1-0"]
[WhiteElo "1196"]
[BlackElo "1395"]
[PlyCount "177"]
[EventDate "2017.10.28"]
[EventType "team-tourn"]
[EventRounds "9"]
[EventCountry "HUN"]
[SourceTitle "EXT 2020"]
[Source "ChessBase"]
[SourceDate "2019.10.17"]
[SourceVersion "1"]
[SourceVersionDate "2019.10.17"]
[SourceQuality "1"]

1. e4 g6 2. d4 Bg7 3. Nc3 d6 4. Nf3 Nf6 5. Bc4 Bg4 6. h3 Bxf3 7. Qxf3 Nc6 8. Be3 e5 9. d5 Ne7 10. Bg5 Nc8 11. Bb5+ Kf8 12. 0-0 h6 13. Be3 a6 14. Be2 b5 15. a4 b4 16. Na2 a5 17. b3 Kg8 18. Bb5 Na7 19. Bxa7 Rxa7 20. Rac1 Kh7 21. c3 bxc3 22. Rxc3 Rf8 23. Nc1 Nd7 24. Nd3 Rb7 25. Rfc1 f5 26. Qe2 fxe4 27. Qxe4 Nf6 28. Qe2 Nxd5 29. R3c2 Nf4 30. Nxf4 Rxf4 31. Rc6 Rf7 32. Qd2 Ra7 33. Ba6 Qh4 34. R1c2 Qb4 35. Qxb4 axb4 36. R2c4 d5 37. Rxb4 Rd7 38. f3 Bf8 39. Rg4 g5 40. Bd3+ Kh8 41. Bb5 Rd6 42. Rxd6 Bxd6 43. h4 Kg7 44. hxg5 h5 45. Rh4 Kg6 46. Be8+ Kxg5 47. Rxh5+ Kf4 48. Kf2 Bc5+ 49. Ke2 Bd6 50. Bc6 Ra6 51. Bxd5 Bb4 52. Bc4 Rd6 53. g3+ Kxg3 54. Rxe5 Rd2+ 55. Ke3 Rd1 56. Rg5+ Kh4 57. Rg4+ Kh5 58. Bf7+ Kh6 59. Rxb4 Re1+ 60. Kf2 Re7 61. Bc4 c5 62. Rb6+ Kg7 63. Bd5 Re5 64. Be4 Kf7 65. a5 c4 66. bxc4 Rxa5 67. Rb5 Ra2+ 68. Ke3 Ke7 69. c5 Kd7 70. c6+ Kc8 71. Rb7 Ra3+ 72. Kf4 Ra4 73. Kg3 Rc4 74. Bf5+ Kd8 75. c7+ Rxc7 76. Rxc7 Kxc7 77. Kf4 Kd8 78. Ke5 Ke7 79. Bh3 Kf8 80. Kf6 Kg8 81. f4 Kf8 82. f5 Kg8 83. Ke7 Kh8 84. f6 Kg8 85. f7+ Kh7 86. f8Q Kg6 87. Qf6+ Kh7 88. Bf5+ Kg8 89. Qf8# 1-0

[Event "HUN-chT4 1718"]
[Site "Hungary"]
[Date "2017.11.25"]
[Round "3.21"]
[White "Balogh, Anett"]
[Black "Csidey, Csongor"]
[Result "1-0"]
[WhiteElo "1354"]
[BlackElo "1232"]
[PlyCount "129"]
[EventDate "2017.10.28"]
[EventType "team-tourn"]
[EventRounds "9"]
[EventCountry "HUN"]
[SourceTitle "EXT 2020"]
[Source "ChessBase"]
[SourceDate "2019.10.17"]
[SourceVersion "1"]
[SourceVersionDate "2019.10.17"]
[SourceQuality "1"]

1. e4 d5 2. exd5 Nf6 3. Nf3 Qxd5 4. Nc3 Qd8 5. g3 Nc6 6. Bg2 Bf5 7. 0-0 Qd7 8. d3 0-0-0 9. Be3 e5 10. Ng5 h6 11. Bxc6 bxc6 12. Nf3 Bd6 13. Nd2 Bg4 14. Qc1 h5 15. Bg5 Rdg8 16. Nde4 Nxe4 17. Nxe4 Bh3 18. Re1 Qg4 19. Qe3 h4 20. f3 Qf5 21. g4 Bxg4 22. fxg4 Qxg4+ 23. Kh1 f6 24. Rg1 Qe6 25. Qxa7 fxg5 26. Rxg5 Qd5 27. Rag1 Rh7 28. h3 Bc5 29. Qxc5 Qxc5 30. Nxc5 Kd8 31. Ne6+ Kd7 32. Nxg7 c5 33. Nf5 Ra8 34. Rg7+ Rxg7 35. Rxg7+ Kc6 36. a3 Rf8 37. Ne3 Rf3 38. Rg6+ Kb7 39. Nc4 Rxh3+ 40. Kg2 Rg3+ 41. Rxg3 hxg3 42. Kxg3 c6 43. Nxe5 Kb6 44. Kf3 Kb5 45. b3 c4 46. Nxc4 Ka6 47. Ke4 Kb5 48. Kd4 Ka6 49. Kc5 Kb7 50. Na5+ Kc7 51. Nxc6 Kc8 52. a4 Kb7 53. b4 Ka8 54. d4 Kb7 55. Na7 Kc7 56. d5 Kd8 57. Kc6 Ke8 58. Kc7 Ke7 59. d6+ Ke8 60. d7+ Ke7 61. d8Q+ Ke6 62. Qd6+ Kf7 63. Kc6 Kg8 64. Qe7 Kh8 65. Kd6 1-0